| 000 | 00807cam a22002532 4500 | ||
|---|---|---|---|
| 001 | 0000023389 | ||
| 005 | 20151021151145.0 | ||
| 008 | 121120s xx 000 0 eng d | ||
| 020 | _a8131715246 : | ||
| 040 |
_aKABU _cKABU |
||
| 050 | 0 |
_aHG4011 _b.C67 2005 |
|
| 100 | 1 |
_aCopeland, Thomas E. _@0000152546 |
|
| 245 | 1 | 0 |
_aFinancial theory and corporate policy / _cThomas E. Copeland, J. Fred Weston, Kuldeep Shastri. |
| 250 | _a4th ed. | ||
| 260 |
_aNew Delhi : _bPearson, _cc2005. |
||
| 300 | _a1022 p. | ||
| 650 | 0 |
_aFinance. _@0000148330 |
|
| 650 | 0 |
_aCorporations _xFinance. _@0000007704 |
|
| 700 | 1 |
_aWeston, John Fred. _@0000151221 |
|
| 700 | 1 |
_aShastri, Kuldeep. _@0000152547 |
|
| 852 | 1 | _9p3300 KES | |
| 908 | _a121120 | ||
| 950 | _@1 | ||
| 999 |
_c1318 _d1318 |
||